Woman Power; the Arab Debate on Women at Work (Record no. 9627)

MARC details
000 -LEADER
fixed length control field 00649nam a2200241 a 4500
020 ## - INTERNATIONAL STANDARD BOOK NUMBER
ISBN 052192X
082 00 - DEWEY DECIMAL CLASSIFICATION NUMBER
Classification number 305.420956
Author Cutter HIJ
100 ## - MAIN ENTRY--AUTHOR NAME
Author name Hijab, Nadia
245 ## - TITLE STATEMENT
Title Woman Power; the Arab Debate on Women at Work
260 ## - PUBLICATION, DISTRIBUTION, ETC. (IMPRINT)
Place of publication Cambridge
Name of publisher Cambridge University Press
Year of publication 1988
300 ## - PHYSICAL DESCRIPTION
Number of Pages 176p
500 ## - GENERAL NOTE
General note includes index and biblioraphy
505 2# - FORMATTED CONTENTS NOTE
Formatted contents note Translated from Urdu By M.A.R.Habib, Madras
650 ## - SUBJECT ADDED ENTRY--TOPICAL TERM
Topical Term Women-Arab
942 ## - ADDED ENTRY ELEMENTS (KOHA)
Koha item type Books
700 1# -
-- Hijab, Nadia
Holdings
Collection code Home library Current library Date acquired Cost, normal purchase price Full call number Accession Number Koha item type
  Henry Martyn Institute Library Henry Martyn Institute Library 03/23/2007 100.00 305.420956 HIJ 016899 Books
                   Copyright © 2026 | Henry Martyn Institute | Hyderabad | TS-500052 | INDIA | Implemented by hmi.edu.in
Hit-Count:

Powered by Koha